[Event "ARG-ch Amateur U2000"]
[Site "Torre Blanca"]
[Date "2016.12.10"]
[Round "6.12"]
[White "Polizzi, Christian"]
[Black "Koncerewicz, Julio Cesar"]
[Result "0-1"]
[WhiteElo "1760"]
[BlackElo "1894"]
[PlyCount "100"]
[EventDate "2016.12.08"]
[EventType "swiss"]
[EventRounds "9"]
[EventCountry "ARG"]
[SourceTitle "EXT 2024"]
[Source "ChessBase"]
[SourceDate "2023.10.10"]
[SourceVersion "1"]
[SourceVersionDate "2023.10.10"]
[SourceQuality "1"]

1. Nf3 f5 2. d4 Nf6 3. c4 c6 4. Nc3 d6 5. g3 g6 6. Bg2 Bg7 7. 0-0 0-0 8. b3 Qa5 9. Bb2 e5 10. d5 e4 11. Ng5 Ng4 12. Na4 Bxb2 13. Nxb2 Qc3 14. Qc1 Qd4 15. e3 Qf6 16. Nh3 cxd5 17. cxd5 Ne5 18. Qd2 b6 19. Rac1 Ba6 20. Rfd1 Nbd7 21. Nf4 Rfc8 22. Ne6 Nc5 23. Nxc5 dxc5 24. Qc3 Kf7 25. Nc4 Re8 26. f4 Ng4 27. Qxf6+ Kxf6 28. h3 Bxc4 29. hxg4 Be2 30. g5+ Ke7 31. Rd2 Bb5 32. a4 Ba6 33. Bf1 Bxf1 34. Kxf1 Kd6 35. Ke2 a6 36. b4 Rec8 37. bxc5+ Rxc5 38. Rb1 b5 39. axb5 axb5 40. Rh1 Ra7 41. Rb1 Rb7 42. Rb4 Rxd5 43. Rxd5+ Kxd5 44. Kd2 Kc5 45. Rd4 Ra7 46. Rd8 Ra2+ 47. Kc3 Ra3+ 48. Kd2 Rd3+ 49. Rxd3 exd3 50. Kxd3 Kd5 0-1